000 00343nab a22001097u 4500
008 130520b1982 xxu||||| |||| 00| 0 spa d
041 _aspa
100 1 _aSeasoltz, K.
_967232
245 0 0 _aMotivos y matices de las celebraciones litúrgicas actuales
_cK. Seasoltz
773 0 _tConcilium
_gV.1,1982,págs.197-210
_x0210-1041
_wRev134
942 _cAR
999 _c354833
_d354833